| 000 | 00594nam a22002177a 4500 | ||
|---|---|---|---|
| 003 | OSt | ||
| 005 | 20160208152634.0 | ||
| 008 | 160208b xxu||||| |||| 00| 0 eng d | ||
| 020 | _a1566705339 | ||
| 040 | _cDDC | ||
| 082 | _a363.7 BLA 2001 | ||
| 100 |
_aBlackman, William C. _96737 |
||
| 245 | _aBasic hazardous waste management | ||
| 250 | _a3rd ed. | ||
| 260 | _aBoca Raton; CRC Press, 2001 | ||
| 300 | _a468p; ill: 24cm | ||
| 504 | _aAppendices, references, glossary & index included | ||
| 650 |
_aWaste management _95510 |
||
| 650 |
_aHazardous waste _96738 |
||
| 942 |
_2ddc _cO_SHELF |
||
| 999 |
_c2995 _d2995 |
||